Welcome to CU Library Online Public Access Catalogue (OPAC)

Business communication : (Record no. 3864)

MARC details
000 -LEADER
fixed length control field 00731cam a2200229 i 4500
001 - CONTROL NUMBER
control field 2248395
005 - DATE AND TIME OF LATEST TRANSACTION
control field 20250214133433.0
008 - FIXED-LENGTH DATA ELEMENTS--GENERAL INFORMATION
fixed length control field 770721s1978 nyu 001 0 eng
020 ## - INTERNATIONAL STANDARD BOOK NUMBER
International Standard Book Number 0070503621 :
Terms of availability $11.95
050 00 - LIBRARY OF CONGRESS CALL NUMBER
Classification number HF5721
Item number .P6 1978
100 1# - MAIN ENTRY--PERSONAL NAME
Personal name Poe, Roy W.,
Dates associated with a name 1915-
245 10 - TITLE STATEMENT
Title Business communication :
Remainder of title a problem-solving approach /
Statement of responsibility, etc. Roy W. Poe, Rosemary T. Fruehling.
250 ## - EDITION STATEMENT
Edition statement 2d ed.
260 ## - PUBLICATION, DISTRIBUTION, ETC.
Place of publication, distribution, etc. New York :
Name of publisher, distributor, etc. Gregg Division, McGraw-Hill,
Date of publication, distribution, etc. c1978.
300 ## - PHYSICAL DESCRIPTION
Extent ix, 358 p. ;
Dimensions 25 cm.
500 ## - GENERAL NOTE
General note Includes index.
650 #0 - SUBJECT ADDED ENTRY--TOPICAL TERM
Topical term or geographic name entry element Commercial correspondence.
650 #0 - SUBJECT ADDED ENTRY--TOPICAL TERM
Topical term or geographic name entry element Business writing.
650 #0 - SUBJECT ADDED ENTRY--TOPICAL TERM
Topical term or geographic name entry element Business communication.
700 1# - ADDED ENTRY--PERSONAL NAME
Personal name Fruehling, Rosemary T.,
Dates associated with a name 1933-
Relator term joint author.
942 ## - ADDED ENTRY ELEMENTS (KOHA)
Source of classification or shelving scheme Library of Congress Classification
Koha item type Books
Suppress in OPAC No
999 ## -
-- 3864
-- 3864
Holdings
Withdrawn status Lost status Source of classification or shelving scheme Damaged status Not for loan Collection Home library Current library Shelving location Date acquired Total checkouts Full call number Barcode Date last seen Copy number Price effective from Koha item type
    Library of Congress Classification     Non-fiction Undergraduate Library (Christ Temple) Undergraduate Library (Christ Temple) General stacks 02/14/2025   HF5721.P6 POE ulct00001219 02/14/2025 1 02/14/2025 Books
© 2023-2024 Copyright: Central University Libraries. All Rights Reserved | Created by: Mahone Tech Office